000 00495nam a2200181Ia 4500
005 20250923144517.0
008 008 250917s9999 xx 000 0 eng d
037 _aTextual
040 _aDSWL
_beng
_cDSWL
041 _aeng
_2eng
084 _qDSWL
245 0 _aEnglish works of Raja Ram Mohan Roy , Part-I
_cEd.by Kalidas Ed. Nag
260 _aCalcutta
_b221 Cornwallis Street
_c1945
300 _a57p.
700 _aD Burman
_9825617
942 _cTEXL
999 _c1439832
_d1439832